| 000 | 00542nam a22001697a 4500 | ||
|---|---|---|---|
| 005 | 20231030074131.0 | ||
| 008 | 231030b |||||||| |||| 00| 0 eng d | ||
| 020 | _a9982110071 | ||
| 041 | _aEnglish | ||
| 082 | _a380.3MWA | ||
| 100 |
_aMwase RL _lEnglish |
||
| 245 |
_aTransport and Communications in Namibia : _bSome Policy Considerations / _cRL Mwase |
||
| 260 |
_aLusaka : _bUnited Nations Institute for Namibia, _c1989 |
||
| 300 |
_bvii, 88 pages ; _c24 cm. |
||
| 650 |
_alegal practice _bLaw |
||
| 942 |
_cBK _6ALISON_BN_VRIES |
||
| 999 |
_c124 _d124 |
||